cycle de krebs - Statistiques

Statistiques générales
  • Ce quiz a été pris 183 fois
  • Le résultat moyen est 12 sur 20
Statistiques - réponses
molécule / enzyme nom molécules sorties % Correct
molécule 2 citrate
97%
molécule 4 isocitrate
89%
molécule 1 bis oxaloacetate
89%
molécule 10 oxaloacetate
89%
molécule 1 acétyl coA
87%
molécule 9 malate
77%
molécule 8 fumarate
73%
molécule 7 succinate
72%
molécule 6 succinyl coA
70%
enzyme 1 citrate synthase
67%
enzyme 2 aconitase
61%
enzyme 3 aconitase
61%
enzyme 8 fumarase
53%
enzyme 4 isocitrate deshydrogenase CO2, NADH
47%
enzyme 7 succinate deshydrogenase FADH2
39%
molécule 3 aconitate
25%
enzyme 6 succinyl coA synthetase GTP
24%
molécule 5 a ketoglutarate
22%
enzyme 5 a ketoglutarate deshydrogenase CO2, NADH
16%
enzyme 9 malatase deshydrogenase NADH
4%
Aucun quiz correspondant
Distribution des résultats
% des personnes avec chaque résultat
Percentile par nombre de réponses
Votre historique - résultats
Vous n’avez pas pris ce quiz